=LDR 00000nam 2200000 4500 =001 INLIS000000000010001 =005 20130612101738 =008 ***********************************Ind** =035 ##$$0010-061300000010001 =041 ##$$a Ind =082 ##$$a 808.57 =090 ##$$a 808.57, Had t =100 ##$$a Hadinegoro, Luqman =245 ##$$a Teknik seni berpidato mutakhir, Luqman Hadinegoro =260 ##$$a 2003 $b Yogyakarta =300 ##$$a xii, 432 hlm, 21 cm =650 ##$$a Pidato =850 ##$$a NBPNMAT